| 000 | 00464nam a2200157Ia 4500 | ||
|---|---|---|---|
| 008 | 240729s9999 xx 000 0 und d | ||
| 022 | _a1836-8808 | ||
| 245 | 0 | _aJournal of Social Inclusion | |
| 260 | _aAustralia | ||
| 260 | _bGriffith University | ||
| 650 | _a Social history and conditions. Social problems. Social reform | ||
| 650 | _aSocial Sciences | ||
| 856 | _uhttps://doaj.org/toc/2a5eda66c45b4c918630fe5f974209b6 | ||
| 942 | _2ddc | ||
| 942 | _cDOAJEJ | ||
| 999 |
_c67386 _d67386 |
||
| 945 |
_a1 _bMadushi Gamage _c1 _dMadushi Gamage |
||